<?xml version="1.0" encoding="UTF-8"?>
<record
    xmlns:xsi="http://www.w3.org/2001/XMLSchema-instance"
    xsi:schemaLocation="http://www.loc.gov/MARC21/slim http://www.loc.gov/standards/marcxml/schema/MARC21slim.xsd"
    xmlns="http://www.loc.gov/MARC21/slim">

  <leader>01383nam a22002657a 4500</leader>
  <controlfield tag="005">20170124103208.0</controlfield>
  <datafield tag="010" ind1=" " ind2=" ">
    <subfield code="a">B-169333</subfield>
  </datafield>
  <datafield tag="020" ind1=" " ind2=" ">
    <subfield code="a">9788173917189</subfield>
    <subfield code="c">00.00</subfield>
  </datafield>
  <datafield tag="035" ind1=" " ind2=" ">
    <subfield code="a">B-169333</subfield>
  </datafield>
  <datafield tag="037" ind1=" " ind2=" ">
    <subfield code="b">Cen Lib/Ret</subfield>
  </datafield>
  <datafield tag="040" ind1=" " ind2=" ">
    <subfield code="a">DPL</subfield>
    <subfield code="b">HN</subfield>
  </datafield>
  <datafield tag="082" ind1=" " ind2=" ">
    <subfield code="a">780.92</subfield>
    <subfield code="b">&#x924;&#x947;&#x91C;&#x92A;&#x93E; </subfield>
  </datafield>
  <datafield tag="100" ind1=" " ind2=" ">
    <subfield code="a">&#x924;&#x947;&#x91C;&#x92A;&#x93E;&#x932; &#x938;&#x93F;&#x902;&#x939; </subfield>
    <subfield code="9">95181</subfield>
  </datafield>
  <datafield tag="245" ind1=" " ind2=" ">
    <subfield code="a">&#x938;&#x902;&#x917;&#x940;&#x924; &#x915;&#x947; &#x926;&#x947;&#x926;&#x940;&#x92A;&#x94D;&#x92F;&#x92E;&#x93E;&#x928; &#x938;&#x942;&#x930;&#x94D;&#x92F; &#x909;&#x938;&#x94D;&#x924;&#x93E;&#x926; &#x906;&#x92E;&#x93F;&#x930; &#x916;&#x93E;&#x902; :</subfield>
    <subfield code="c"> &#x924;&#x947;&#x91C;&#x92A;&#x93E;&#x932; &#x938;&#x93F;&#x902;&#x939; [&#x90F;&#x935;&#x902;] &#x92A;&#x94D;&#x930;&#x947;&#x930;&#x923;&#x93E; &#x905;&#x930;&#x94B;&#x921;&#x93C;&#x93E; </subfield>
    <subfield code="b">&#x91C;&#x940;&#x935;&#x928; &#x90F;&#x935;&#x902; &#x930;&#x91A;&#x928;&#x93E;&#x90F;&#x901; /</subfield>
  </datafield>
  <datafield tag="246" ind1=" " ind2=" ">
    <subfield code="a">Sangeet ke dedipyamaan surya ustad amir khan : jivan evam rachnayen </subfield>
    <subfield code="b"> by Tejpal Singh [evam] Prerna Aroda </subfield>
  </datafield>
  <datafield tag="260" ind1=" " ind2=" ">
    <subfield code="a">&#x928;&#x908; &#x926;&#x93F;&#x932;&#x94D;&#x932;&#x940;</subfield>
    <subfield code="b">&#x915;&#x928;&#x93F;&#x937;&#x94D;&#x915; &#x92A;&#x92C;&#x94D;&#x932;&#x93F;&#x936;&#x947;&#x930;&#x94D;&#x938; </subfield>
  </datafield>
  <datafield tag="270" ind1=" " ind2=" ">
    <subfield code="a">4697/5-21 A, &#x905;&#x902;&#x938;&#x93E;&#x930;&#x940; &#x930;&#x94B;&#x921; &#x926;&#x930;&#x93F;&#x92F;&#x93E; &#x917;&#x902;&#x91C; </subfield>
    <subfield code="b">&#x928;&#x908; &#x926;&#x93F;&#x932;&#x94D;&#x932;&#x940;</subfield>
    <subfield code="e">110002</subfield>
  </datafield>
  <datafield tag="300" ind1=" " ind2=" ">
    <subfield code="a">xvi,226&#x92A;&#x943;&#x937;&#x94D;&#x920;. :</subfield>
    <subfield code="c">24&#x938;&#x947;&#x92E;&#x940;(&#x938;&#x91C;&#x93F;&#x932;&#x94D;&#x926;)</subfield>
    <subfield code="b">&#x91A;&#x93F;&#x924;&#x94D;&#x930;.</subfield>
  </datafield>
  <datafield tag="650" ind1=" " ind2=" ">
    <subfield code="a">&#x938;&#x902;&#x917;&#x940;&#x924; &#x936;&#x93E;&#x938;&#x94D;&#x924;&#x94D;&#x930; </subfield>
    <subfield code="9">95182</subfield>
  </datafield>
  <datafield tag="650" ind1=" " ind2=" ">
    <subfield code="a">&#x909;&#x938;&#x94D;&#x924;&#x93E;&#x926; &#x905;&#x92E;&#x940;&#x930; &#x916;&#x93E; &#x915;&#x93E; &#x917;&#x93E;&#x92F;&#x928; </subfield>
    <subfield code="9">95183</subfield>
  </datafield>
  <datafield tag="650" ind1=" " ind2=" ">
    <subfield code="a">Music Arts</subfield>
    <subfield code="9">90508</subfield>
  </datafield>
  <datafield tag="650" ind1=" " ind2=" ">
    <subfield code="a">Eat rich singing maestro</subfield>
    <subfield code="9">95184</subfield>
  </datafield>
  <datafield tag="700" ind1=" " ind2=" ">
    <subfield code="a">&#x905;&#x930;&#x94B;&#x921;&#x93C;&#x93E;, &#x92A;&#x94D;&#x930;&#x947;&#x930;&#x923;&#x93E; </subfield>
    <subfield code="9">95185</subfield>
  </datafield>
  <datafield tag="942" ind1=" " ind2=" ">
    <subfield code="2">ddc</subfield>
    <subfield code="c">HN</subfield>
    <subfield code="h">780.92</subfield>
    <subfield code="m">&#x924;&#x947;&#x91C;&#x92A;&#x93E; </subfield>
  </datafield>
  <datafield tag="999" ind1=" " ind2=" ">
    <subfield code="c">121152</subfield>
    <subfield code="d">121152</subfield>
  </datafield>
  <datafield tag="952" ind1=" " ind2=" ">
    <subfield code="0">0</subfield>
    <subfield code="1">0</subfield>
    <subfield code="4">0</subfield>
    <subfield code="7">0</subfield>
    <subfield code="a">L</subfield>
    <subfield code="b">L</subfield>
    <subfield code="d">2015-10-03</subfield>
    <subfield code="e">Cen Lib/Ret</subfield>
    <subfield code="g">0.00</subfield>
    <subfield code="l">2</subfield>
    <subfield code="o">780.92 &#x924;&#x947;&#x91C;&#x92A;&#x93E;</subfield>
    <subfield code="p">B-169333</subfield>
    <subfield code="r">2026-02-14 00:00:00</subfield>
    <subfield code="s">2026-01-31</subfield>
    <subfield code="t">1</subfield>
    <subfield code="v">0.00</subfield>
    <subfield code="w">2015-10-03</subfield>
    <subfield code="y">HN</subfield>
  </datafield>
</record>
